Statistiken für Alle deutschen Nationalspieler unter Julian Nagelsmann

Klicken Sie hier um das Quiz zu spielen!

Allgemein

  • Dieses Quiz wurde 152 mal gespielt
    (28 seit der letzten Aktualisierung)
  • Das Durchschnittsergebnis liegt bei 27 aus 31

Antwortstatistiken

PositionSpieleToreSpieler% Korrekt
AW61Antonio Rüdiger
100%
MF61Florian Wirtz
100%
AW6-Jonathan Tah
100%
TW2-Kevin Trapp
100%
MF/ST41Leroy Sane
100%
TW4-Marc-Andre ter Stegen
100%
ST64Niclas Füllkrug
100%
MF3-Robert Andrich
100%
MF2-Toni Kroos
100%
AW3-Benjamin Henrichs
95%
ST1-Deniz Undav
95%
MF41Jamal Musiala
95%
MF51Kai Havertz
95%
AW21Maxi Mittelstädt
95%
MF/ST2-Serge Gnabry
95%
MF/ST5-Thomas Müller
95%
AW1-Waldemar Anton
95%
AW2-David Raum
90%
MF4-Leon Goretzka
90%
MF3-Pascal Groß
90%
MF61Ilkay Gündogan
85%
MF4-Joshua Kimmich
85%
AW2-Niklas Süle
85%
MF3-Chris Führich
80%
AW2-Mats Hummels
80%
AW2-Robin Gosens
80%
MF3-Julian Brandt
75%
ST1-Kevin Behrens
65%
AW1-Malick Thiaw
45%
ST2-Marvin Ducksch
45%
MF1-Jonas Hofmann
30%

Verteilung der Resultate

Perzentil nach korrekt beantworteten Fragen

Anzahl Personen mit jedem Resultat

Ihre Resultats-Entwicklung

Sie haben dieses Quiz seit der letzten Aktualisierung nicht gespielt